Abuja (Record no. 38130)

MARC details
000 -LEADER
fixed length control field 00418nam a2200157Ia 4500
022 ## - INTERNATIONAL STANDARD SERIAL NUMBER
ISSN DT 515.9 .C58/
050 ## - CALL MARK
Classification number City pages
245 #0 - TITLE STATEMENT
Title Abuja
260 ## - PUBLICATION, DISTRIBUTION, ETC. (IMPRINT)
Place of publication Development Universal Consortia
260 ## - PUBLICATION, DISTRIBUTION, ETC. (IMPRINT)
Name of publisher 2013
260 ## - PUBLICATION, DISTRIBUTION, ETC. (IMPRINT)
Year of publication 102 p. : ill. ; 32 cm.
300 ## - PHYSICAL DESCRIPTION
Number of Pages Abuja (Federal Capital Territory, Nigeria)-- Periodical
650 ## - SUBJECT ADDED ENTRY--TOPICAL TERM
Topical Term SR

No items available.